000 00332nam a2200145Ia 4500
005 20251222143205.0
008 251222s9999||||xx |||||||||||||| ||spa||
020 _a84-7162-049-9
082 _a415/B45
100 _aBerenguer Amenós, Jaime
245 0 _aGramítica Griega
250 _a33a.ed.
264 _bBosch
942 _cLIB
999 _c13234
_d13234